Music Quiz

Random Music or Song Quiz

Missing word: Fast Car Lyrics Quiz Stats

 Plays Quiz not verified by Sporcle

Challenge
Share
Tweet
Embed
Score 0/37 Timer 05:00
0 Plays Today
% Correct
car
97.2%
anywhere
93.5%
nothing
93.5%
anyplace
92.5%
away
89.7%
young
87.9%
die
86.9%
jobs
85%
convenience
84.1%
drive
84.1%
shoulders
84.1%
more
83.2%
bottle
82.2%
school
82.2%
together
81.3%
feeling
81.3%
drunk
79.4%
someone
79.4%
bills
79.4%
% Correct
deal
78.5%
driving
77.6%
promoted
77.6%
city
77.6%
lights
77.6%
suburbs
75.7%
fly
75.7%
prove
74.8%
fast
74.8%
leave
74.8%
plan
72.9%
belonged
72.9%
something
69.2%
market
67.3%
drinking
66.4%
better
66.4%
plans
53.3%
cruising
50.5%

You're not logged in!

Compare scores with friends on all Sporcle quizzes.
OR
Log In

You Might Also Like...

Show Comments

Extras

Top Quizzes Today


Score Distribution

Your Account Isn't Verified!

In order to create a playlist on Sporcle, you need to verify the email address you used during registration. Go to your Sporcle Settings to finish the process.

Report this User

Report this user for behavior that violates our Community Guidelines.

Details: